000 01357aam a2200313 i 4500
001 768714001
003 CO-MdFUSB
005 20260307154909.0
007 ta
008 160602t1997 us g |||| 00| 0 spa d
020 _a0-8254-1006-1
040 _aCO-MdFUSB
_bEspañol
_cCO-MdFUSB
_dCO-MdFUSB
_erda
041 0 _aspa
_heng
082 0 4 _223
_a252
_bP842b
110 1 _aAlpha Omega Ministries
240 _aThe Preacher´s outline and sermon Bible.
245 0 0 _aBiblia de bosquejos y sermones
_c/ Alpha Omega Ministries
264 1 _aGrand Rapids, MI., USA
_b : Portavoz,
_c[1997]
264 4 _c©1997
300 _a335 páginas
_c; 28 cm
336 _2rdacontent
_atexto
_btxt
337 _2rdamedia
_asin mediación
_bn
338 _2rdacarrier
_avolumen
_bnc
505 _aVol.1: Mateo 1.1-16:12. -- Vol. 2: Mateo 16:13-28:20. -- Vol. 3: Marcos. -- Vol. 4: Lucas. -- Vol 5: Juan. -- Vol 6: Hechos de los apóstoles. -- Vol. 7: Romanos. -- Vol. 8: 1 y 2 Corintios. -- Vol. 9: Gálatas, Efesios, Filipenses, Colosenses.-- Vol.10: 1 y 2 de Tesalonicenses, 1 y 2 Timoteo, Tito, Filemón. --Vol. 11: Hebreos y Santiago. -- Vol. 12: 1 y 2 Pedro, 1, 2 y 3 Juan, Judas. -- Vol. 13: Apocalipsis. -- Vol. 14: índice general de temas del Nuevo Testamento.
563 _aRústico
653 _aHomilética
942 _cBK
945 _aJTF-925
999 _c31748
_d31748